[Event "Wch U12 Girls"]
[Site "Montesilvano"]
[Date "2024.11.26"]
[Round "11"]
[White "Darshini, Sri T"]
[Black "Aadya, Ranganath"]
[Result "1-0"]
[WhiteElo "1681"]
[BlackElo "1753"]
[PlyCount "111"]
[EventDate "2024.11.15"]
[EventType "swiss"]
[EventRounds "11"]
[EventCountry "ITA"]
[SourceTitle "CB48_2024"]
[SourceDate "2024.11.28"]
[SourceVersion "1"]
[SourceVersionDate "2024.11.28"]
[SourceQuality "1"]

1. d4 Nf6 2. c4 g6 3. Nc3 Bg7 4. e4 d6 5. Nf3 0-0 6. Be2 e5 7. 0-0 Nc6 8. d5 Ne7 9. b4 a5 10. Ba3 b6 11. bxa5 Rxa5 12. Bb4 Ra8 13. a4 Nd7 14. a5 f5 15. axb6 Rxa1 16. Qxa1 Nxb6 17. Nd2 Bh6 18. Qa2 Qd7 19. c5 Bxd2 20. Bb5 Qd8 21. cxd6 cxd6 22. Qxd2 Bb7 23. Ba5 Nec8 24. Na4 Rf7 25. Qb4 fxe4 26. Nxb6 Nxb6 27. Bc4 e3 28. Qxb6 Qxb6 29. Bxb6 Rf4 30. Rc1 exf2+ 31. Bxf2 Kg7 32. Be3 Rf7 33. Rb1 Rc7 34. Rb4 Kf6 35. Kf2 e4 36. Bd4+ Kf5 37. Ke3 g5 38. Be2 h5 39. Bxh5 g4 40. h3 gxh3 41. gxh3 Re7 42. Bg4+ Kg5 43. Rb6 Rc7 44. Rxd6 Rf7 45. Bb6 Kh4 46. Rg6 Rf8 47. d6 Bc8 48. Bxc8 Rxc8 49. d7 Rc3+ 50. Kxe4 Rc4+ 51. Bd4 Kh5 52. Rg1 Rc6 53. d8Q Re6+ 54. Kd3 Re3+ 55. Kxe3 Kh6 56. Qh8# 1-0

[Event "Wch U12 Girls"]
[Site "Montesilvano"]
[Date "2024.11.19"]
[Round "5"]
[White "Aadya, Ranganath"]
[Black "Pavithra, RV."]
[Result "0-1"]
[WhiteElo "1753"]
[BlackElo "1854"]
[PlyCount "92"]
[EventDate "2024.11.15"]
[EventType "swiss"]
[EventRounds "11"]
[EventCountry "ITA"]
[SourceTitle "CB48_2024"]
[SourceDate "2024.11.28"]
[SourceVersion "1"]
[SourceVersionDate "2024.11.28"]
[SourceQuality "1"]

1. e4 c5 2. Nf3 Nc6 3. d4 cxd4 4. Nxd4 Nf6 5. Nc3 e5 6. Ndb5 d6 7. Nd5 Nxd5 8. exd5 Nb8 9. a4 a6 10. Na3 Qc7 11. Nc4 Nd7 12. Be3 b6 13. a5 b5 14. Nb6 Rb8 15. Nxd7 Bxd7 16. Bb6 Qb7 17. c4 bxc4 18. Bxc4 Be7 19. Qd3 Ra8 20. 0-0 f5 21. f4 e4 22. Qe3 Bf6 23. Rab1 h6 24. Qe2 g5 25. b4 Ke7 26. b5 axb5 27. Bxb5 gxf4 28. Bxd7 Qxd7 29. Rbc1 Rac8 30. a6 Rhg8 31. Kh1 Rxc1 32. Rxc1 Rc8 33. Rc4 Rb8 34. Rc6 Bd4 35. Bxd4 Rb1+ 36. Bg1 Qa7 37. Rc7+ Qxc7 38. g3 Qa7 39. Kg2 f3+ 40. Kh3 fxe2 41. Bxa7 e1Q 42. Bb6 Qf1+ 43. Kh4 Qf3 44. Bd8+ Kxd8 45. Kh3 Rb2 46. a7 Qg4# 0-1

[Event "Wch U12 Girls"]
[Site "Montesilvano"]
[Date "2024.11.17"]
[Round "3"]
[White "Aadya, Ranganath"]
[Black "Ordonez Alarcon, Daniela"]
[Result "1-0"]
[WhiteElo "1753"]
[BlackElo "1606"]
[PlyCount "79"]
[EventDate "2024.11.15"]
[EventType "swiss"]
[EventRounds "11"]
[EventCountry "ITA"]
[SourceTitle "CB48_2024"]
[SourceDate "2024.11.28"]
[SourceVersion "1"]
[SourceVersionDate "2024.11.28"]
[SourceQuality "1"]

1. e4 e5 2. Nf3 Nc6 3. Bc4 Nf6 4. d3 Bc5 5. c3 d6 6. h3 h6 7. 0-0 Be6 8. Bb5 a6 9. Bxc6+ bxc6 10. d4 exd4 11. cxd4 Bb6 12. Qa4 Bd7 13. e5 Nd5 14. exd6 cxd6 15. Re1+ Ne7 16. Bf4 Be6 17. Qa3 Bc7 18. Nc3 0-0 19. Ne4 Nc8 20. Rac1 Bd5 21. Ned2 Qf6 22. Bg3 Nb6 23. Ne4 Bxe4 24. Rxe4 d5 25. Ree1 Bxg3 26. fxg3 Nc4 27. Qc3 Rfc8 28. b3 Nd6 29. Ne5 Ne4 30. Qe3 Ra7 31. Rf1 Qd6 32. Qf4 Qe6 33. Nxc6 Rd7 34. Ne5 Rxc1 35. Rxc1 Rd6 36. Nxf7 Rd7 37. Rc8+ Kh7 38. Rh8+ Kg6 39. Ne5+ Kh5 40. Qh4# 1-0

[Event "IND-ch U11 Girls"]
[Site "Visakhapatnam"]
[Date "2023.10.05"]
[Round "8"]
[White "Aadya, Ranganath"]
[Black "Tripurambika, V."]
[Result "0-1"]
[WhiteElo "1318"]
[BlackElo "1342"]
[PlyCount "94"]
[EventDate "2023.10.01"]
[EventType "swiss"]
[EventRounds "11"]
[EventCountry "IND"]
[SourceTitle "EXT 2025"]
[Source "ChessBase"]
[SourceDate "2024.10.14"]
[SourceVersion "1"]
[SourceVersionDate "2024.10.14"]
[SourceQuality "1"]

1. e4 c5 2. Nf3 g6 3. d4 cxd4 4. Nxd4 Nc6 5. c4 Nf6 6. Nc3 d6 7. Be2 Nxd4 8. Qxd4 Bg7 9. 0-0 0-0 10. Qd3 Bd7 11. Be3 a5 12. Rac1 a4 13. f4 Qa5 14. Kh1 Rac8 15. f5 Bc6 16. Rf3 Ng4 17. Bd4 Ne5 18. Bxe5 Qxe5 19. Rcf1 a3 20. bxa3 gxf5 21. Rg3 fxe4 22. Qe3 Kh8 23. Rh3 f5 24. Qg5 Rf6 25. Rf4 Qe6 26. Rfh4 h6 27. Rg3 Rg8 28. Qf4 Rg6 29. Rgh3 e3 30. Rxe3 Bxg2+ 31. Kg1 Be4+ 32. Kf1 Bxc3 33. Rxc3 Rg1+ 34. Kf2 R8g2+ 35. Ke3 Bb1+ 36. Kd4 Qf6+ 37. Kd5 Be4+ 38. Qxe4 fxe4 39. Rxh6+ Qxh6 40. Rh3 Qxh3 41. Bg4 Qxg4 42. c5 Rd1+ 43. Kc4 d5+ 44. Kb5 Qd7+ 45. Ka5 Rb2 46. c6 Qxc6 47. a4 Qa6# 0-1

[Event "Wch U10 Girls"]
[Site "Batumi"]
[Date "2022.09.24"]
[Round "8"]
[White "Igoshkina, Anna"]
[Black "Aadya, Ranganath"]
[Result "0-1"]
[WhiteElo "1256"]
[BlackElo "1184"]
[PlyCount "112"]
[EventDate "2022.09.16"]
[EventType "swiss"]
[EventRounds "11"]
[EventCountry "GEO"]
[SourceTitle "EXT 2023"]
[Source "ChessBase"]
[SourceDate "2022.10.05"]
[SourceVersion "1"]
[SourceVersionDate "2022.10.05"]
[SourceQuality "1"]

1. d4 Nf6 2. Bg5 Ne4 3. Bf4 c5 4. f3 Nf6 5. d5 Qb6 6. Bc1 g6 7. c4 Bg7 8. e4 d6 9. Bd3 Qb4+ 10. Nc3 Nxd5 11. cxd5 Bxc3+ 12. Ke2 Bg7 13. Qc2 Nd7 14. a3 Qb6 15. Nh3 Ne5 16. Nf4 Bd7 17. a4 c4 18. Bxc4 Rc8 19. Be3 Qb4 20. b3 Nxc4 21. Nd3 Qc3 22. Qxc3 Bxc3 23. Rac1 Nxe3 24. Kxe3 0-0 25. h4 Bg7 26. Rcg1 Bh6+ 27. f4 Rc3 28. g4 Bxf4+ 29. Kd4 Bd2 30. Rg2 Rc2 31. Rhh2 Bc3+ 32. Ke3 Rxg2 33. Rxg2 Be5 34. g5 e6 35. Nxe5 dxe5 36. d6 Rc8 37. Kd3 Rc6 38. Rc2 Rxc2 39. Kxc2 Kf8 40. Kd3 Ke8 41. Kc4 b6 42. Kd3 Bc6 43. Ke3 Kd7 44. Kf3 Kxd6 45. Kg4 Bxe4 46. h5 Kd5 47. Kh4 gxh5 48. Kxh5 Bg6+ 49. Kh6 e4 50. b4 e3 51. a5 e2 52. axb6 axb6 53. b5 e1Q 54. Kg7 Qe5+ 55. Kg8 Kd6 56. Kf8 Qh8# 0-1

[Event "IND-ch U12 Girls"]
[Site "Srinivasapura"]
[Date "2022.04.09"]
[Round "2"]
[White "Kalyani, Sirin"]
[Black "Aadya, Ranganath"]
[Result "1-0"]
[WhiteElo "1434"]
[BlackElo "1133"]
[PlyCount "101"]
[EventDate "2022.04.09"]
[EventType "swiss"]
[EventRounds "11"]
[EventCountry "IND"]
[SourceTitle "EXT 2023"]
[Source "ChessBase"]
[SourceDate "2022.10.05"]
[SourceVersion "1"]
[SourceVersionDate "2022.10.05"]
[SourceQuality "1"]

1. e4 e5 2. Nf3 Nc6 3. Bc4 Bc5 4. 0-0 Nf6 5. d3 0-0 6. Bg5 h6 7. Bh4 Be7 8. Nbd2 d5 9. exd5 Nxd5 10. Bxe7 Ndxe7 11. Re1 Ng6 12. h3 Be6 13. Bxe6 fxe6 14. Nc4 Qf6 15. Qd2 Rad8 16. Re4 b5 17. Ne3 Nd4 18. Nxd4 Rxd4 19. Ng4 Qf5 20. Rae1 Rxe4 21. Rxe4 Rd8 22. Qe3 Rd5 23. Qxa7 c5 24. Ne3 Qf7 25. Qxf7+ Kxf7 26. Nxd5 exd5 27. Re1 Kf6 28. g3 Ne7 29. Kg2 Nf5 30. c3 Nd6 31. b3 Nb7 32. a4 c4 33. dxc4 dxc4 34. b4 bxa4 35. Ra1 Nd6 36. Rxa4 Nb5 37. Ra6+ Kf5 38. Rc6 Nxc3 39. Rxc4 Ne4 40. g4+ Kf4 41. f3 Kg5 42. fxe4 Kf4 43. b5 g6 44. b6 h5 45. b7 hxg4 46. hxg4 Kxg4 47. b8Q g5 48. Qxe5 Kh5 49. Rc6 Kg4 50. Qf5+ Kh5 51. Qh3# 1-0